000 00502nam a2200229Ia 4500
003 IT-RoPAU
005 20220918175729.0
008 120407s9999 xx 000 0 und d
040 _aIT-RoPAU
040 _cIT-RoPAU
041 _aita
100 _aGiuseppe Enrie
_935562
245 _aLa Santa Sindone rivelata dalla fotografia. 2a ed.
250 _aTorino
260 _aSei
260 _c1938
300 _a177 p.
300 _c24 cm
490 _v1
942 _cBK
_2ddc
999 _c27322
_d27322